A teacher's package on the art of classroom questioning. (Record no. 112757)
[ view plain ]
| 000 -LEADER | |
|---|---|
| fixed length control field | 00299nam a2200109 a 4500 |
| 005 - DATE AND TIME OF LATEST TRANSACTION | |
| control field | 20140414131950.0 |
| 008 - FIXED-LENGTH DATA ELEMENTS--GENERAL INFORMATION | |
| fixed length control field | 110202s19uu xx 00 eng d |
| 050 ## - LIBRARY OF CONGRESS CALL NUMBER | |
| Classification number | TR 370.78 |
| Item number | Su7 2004 |
| 100 ## - MAIN ENTRY--PERSONAL NAME | |
| Personal name | Sunga, Nilda |
| 245 ## - TITLE STATEMENT | |
| Title | A teacher's package on the art of classroom questioning. |
| Withdrawn status | Lost status | Damaged status | Home library | Current library | Shelving location | Date acquired | Total Checkouts | Full call number | Barcode | Date last seen | Price effective from | Koha item type |
|---|---|---|---|---|---|---|---|---|---|---|---|---|
| Munich Library | Munich Library | Teachers Reference Section | 02/02/2011 | TR 370.78 Su7 2004 | M4147 | 04/14/2014 | 04/14/2014 | Books |